00323nam a2200133Ia 45000030006000000080041000060400015000471000030000622450049000922500010001412600009001515460012001600050017001720STCL150530s9999 xx 000 0 und d aSTCLcSTCL aButler, J.A.V.; Noble, D. aProgress in biophysics and molecular biology aFirst c1979 aEnglish20220125170325.0